| 000 | 00613nam a2200205 a 4500 | ||
|---|---|---|---|
| 001 | 2554 | ||
| 003 | OSt | ||
| 005 | 20131205095808.0 | ||
| 008 | 130130s1971||||sp |||||||||||||||||spa|d | ||
| 040 |
_aCDMR _bcat _cCPC LLEIDA |
||
| 100 | 1 |
_92551 _aMolinero, César |
|
| 245 | 1 | 3 |
_aLa intervención del Estado en la prensa _cCésar Molinero |
| 260 |
_aBarcelona _bDopesa _c1971 |
||
| 300 | _a340 p. | ||
| 490 | 0 |
_aDocumento Periodístico (Dopesa) _v17 |
|
| 650 | 0 | 4 |
_93728 _aPremsa _xPolítica governamental |
| 650 | 0 | 4 |
_93729 _aPremsa _xHistòria _zEspanya |
| 650 | 0 | 4 |
_94090 _aPremsa i política _zEspanya |
| 942 |
_cMON _2udc |
||
| 999 |
_c2554 _d2554 |
||